| 000 | 00327nam a2200121Ia 4500 | ||
|---|---|---|---|
| 005 | 20260326235506.0 | ||
| 008 | 260326s9999||||xx |||||||||||||| ||und|| | ||
| 100 | _aInternationale Bauausstellung | ||
| 245 | 0 |
_aProjektubersicht / _cInternationale Bauausstellung |
|
| 300 | _a368 p. | ||
| 650 | _aARQUITECTURA REGIONAL | ||
| 942 | _cBK | ||
| 999 |
_c8176 _d8176 |
||